000
00329nam a22001097a 4500
082
_a
891.433/SIN/N
100
_a
खुशवंत सिंह
_9
49856
245
_a
दिल्ली
260
_a
दिल्ली
_b
किताबघर प्रकाशन
_c
2023
650
_a
उपन्यास
942
_c
HIN
999
_c
68367
_d
68367